logo

Bir Sreshtho Munshi Abdur Rouf Library
Jhenaidah Cadet College

Cooperation in education : (Record no. 5856)

MARC details
000 -LEADER
fixed length control field 00944pam a2200265 i 4500
001 - CONTROL NUMBER
JCCL Control Number 5856
003 - CONTROL NUMBER IDENTIFIER
JCCL marc code BD-JhCC
005 - DATE AND TIME OF LATEST TRANSACTION
control field 20171231135730.0
008 - FIXED-LENGTH DATA ELEMENTS--GENERAL INFORMATION
fixed length control field 800722s1980 utua b 100 0 eng
020 ## - INTERNATIONAL STANDARD BOOK NUMBER
International Standard Book Number 0842518363
Terms of availability $14.95
035 ## - SYSTEM CONTROL NUMBER
system control number (BD-JhCC) 5856
040 ## - CATALOGING SOURCE
Original cataloging agency DLC
Transcribing agency DLC
Modifying agency DLC
-- BD-JhCC
041 ## - LANGUAGE CODE
Language code of Book eng
050 00 - LIBRARY OF CONGRESS CALL NUMBER
Classification number L106 1979
Item number .T44
082 00 - DEWEY DECIMAL CLASSIFICATION NUMBER
Classification number 370
DDC Edition number 19
Author mark and Year COO1980
245 00 - TITLE STATEMENT
Title Cooperation in education :
Remainder of title based on the proceedings of the First International Conference on Cooperation in Education, Tel Aviv, Israel, July 1979 /
Statement of responsibility, etc edited by Shlomo Sharan ... [et al.].
260 ## - PUBLICATION, DISTRIBUTION, ETC. (IMPRINT)
Place of publication, distribution, etc Provo, Utah :
Name of publisher, distributor, etc Brigham Young University Press,
Date of publication, distribution, etc c1980.
300 ## - PHYSICAL DESCRIPTION
Pagination vi, 407 p. :
Other physical details ill. ;
Dimensions 23 cm.
504 ## - BIBLIOGRAPHY, ETC. NOTE
Bibliography, etc Includes bibliographies.
650 #0 - SUBJECT ADDED ENTRY--TOPICAL TERM
Topical term or geographic name as entry element Education
General subdivision Congresses.
700 1# - ADDED ENTRY--PERSONAL NAME
Personal name Sharan, Shlomo,
Dates associated with a name 1932-
711 2# - ADDED ENTRY--MEETING NAME
Meeting name or jurisdiction name as entry element International Conference on Cooperation in Education,
Number (BK CF MP MU SE VM MX) [OBSOLETE] 1st,
Location of meeting Tel-Aviv,
Date of meeting 1979.
942 ## - ADDED ENTRY ELEMENTS (KOHA)
Source of classification or shelving scheme Dewey Decimal Classification
Koha item type Books
Holdings
Source of classification or shelving scheme Damaged status Not for loan Home library Current library Shelving location Source of acquisition Total Checkouts Full call number Barcode Date last seen Copy number Koha item type
Dewey Decimal Classification     JCC Rouf Library JCC Rouf Library General Stacks The Asia Foundation   370 COO 1980 8137 12/28/2017 c-1 Books

JCC Library | Contacts | JCC Home

Last Update on 23 September 2017
Copyright @ 2017-2020 JCC Rouf Library
Rouf Library, Jhenidah Cadet College (JCC), Bangladesh